Be in the loophole (Record no. 77266)

MARC details
000 -LEADER
fixed length control field 00808cab a2200193 4500
001 - CONTROL NUMBER
control field ##L133931
008 - FIXED-LENGTH DATA ELEMENTS--GENERAL INFORMATION
fixed length control field 060621n2006 000 0 eng u
035 ## - SYSTEM CONTROL NUMBER
System control number (Sirsi) u133931
041 0# - LANGUAGE CODE
Language code of text/sound track or separate title eng
100 1# - MAIN ENTRY--PERSONAL NAME
Personal name Stevens, Alex
245 00 - TITLE STATEMENT
Title Be in the loophole
260 ## - PUBLICATION, DISTRIBUTION, ETC.
Date of publication, distribution, etc. 2006
490 #0 - SERIES STATEMENT
Series statement Estates Gazette
Volume/sequential designation (0624) 17 June 2006, 172-173(2)
520 ## - SUMMARY, ETC.
Summary, etc. Looks at ways in which companies in the City of London have reduced their business rates payments by exploiting loopholes in the legislation relating to rate liability. Considers whether the skill of the rating surveyor can continue to make savings for companies with the 2005 changes to the rating system.
590 ## - LOCAL NOTE (RLIN)
Local note IKA040706
651 #4 - SUBJECT ADDED ENTRY--GEOGRAPHIC NAME
Geographic name CITY OF LONDON
690 ## - LOCAL SUBJECT ADDED ENTRY--TOPICAL TERM (OCLC, RLIN)
Topical term or geographic name as entry element PROPERTY-PROPERTY VALUATION AND APPRAISAL-TAXATION VALUATION
942 ## - ADDED ENTRY ELEMENTS (KOHA)
Suppress in OPAC 0
Holdings
Withdrawn status Lost status Source of classification or shelving scheme Damaged status Not for loan Home library Current library Shelving location Date acquired Total Checkouts Full call number Barcode Date last seen Copy number Price effective from Koha item type
    Dewey Decimal Classification     London London Journal article 21/06/2006   L133931 133931-1001 06/08/2019 1 06/08/2019 Journal article